Personnage toy story (pixar) - Statistiques

Statistiques générales
  • Ce quiz a été pris 248 fois
  • Le résultat moyen est 19 sur 37
Statistiques - réponses
Hint Réponse % Correct
2 Buzz l'éclair
98%
1 Woody
98%
7 Andy
89%
4 Rex
88%
5 Jessie
87%
3 Zig zag
87%
10 La bergère
83%
12 Monsieur Patate
78%
13 Madame Patate
77%
21 Barbie
70%
9 Bayonne
70%
6 Pil poil
70%
8 Lotso
69%
28 Ken
68%
26 Fourchette
62%
19 Sid
61%
23 Al
58%
11 Bonnie
53%
14 Les aliens
47%
25 Zurg
46%
17 Molly
41%
20 Les soldats
40%
24 Siffli
37%
22 Papi Pepite
35%
27 Gaby Gaby
34%
30 Trixie
28%
34 Duke Caboom
26%
36 Ducky
24%
37 Bunny
22%
31 Bouton d'or
19%
16 Karting
19%
29 Dolly
18%
32 Rictus
15%
15 Hannah Philips
12%
33 Benson
10%
35 Giggle
8%
18 Rasemotte
8%
Aucun quiz correspondant
Distribution des résultats
% des personnes avec chaque résultat
Percentile par nombre de réponses
Votre historique - résultats
Vous n’avez pas pris ce quiz